000 01294nam1a2200301 i 4500
001 RU\NLR\bibl\353824
005 20260405204911.0
035 _a(NLR Aleph) 000348512
090 _a261115
_c261115
100 _a20030108g20019999k y0rusy50 ca
101 0 _arus
102 _aRU
105 _aa |||||||||
200 1 _aБорогидриды металлов
_fВ.С. Хаин, Н.Н. Мальцева, А.А. Волков
_gМ-во образования Рос. Федерации, Ухт. гос. техн. ун-т, Ин-т упр. и междунар. бизнеса
210 _aУхта
_cУхт. гос. техн. ун-т
_cИн-т упр. и междунар. бизнеса
_d2001
215 _d20
463 0 _1001350615
463 0 _1001823136
606 0 _aБорогидриды металлов
_91167111
_3RU\NLR\auth\66150090
686 _aГ123.14
700 1 _aХаин
_bВ. С.
_gВладимир Сергеевич
_4070
701 1 _aМальцева
_bН. Н.
_gНина Николаевна
_4070
701 1 _4070
_7ca
_8rus
_aВолков
_bА. А.
_cинженер
_gАлександр Алексеевич
_975118
_3RU\NLR\auth\7792191
801 0 _aRU
_bNLR
_c20030108
_gPSBO
801 1 _aRU
_bNLR
_c20030108
852 _aNLR
_j2002-3/31104
942 _cBOOK